00262nam a22000857a 4500100002200000245002900022260006900051300000900120500004700129 aطارق مجید aجھاد جی تیاری aاسلام آبادbاسلامی یونیورسٹیc۱۹۹۷ a۵۲ aDonated by Regional Dawah center , Karachi